| 000 | 00541nam a2200181 a 4500 | ||
|---|---|---|---|
| 001 | 9430 | ||
| 003 | CO-ViMGA | ||
| 008 | 141112s2004 ck r 000 u spa d | ||
| 040 |
_aCO-ViMGA _bspa _cCO-ViMGA |
||
| 082 | 0 | 4 | _a657.48 H813c |
| 100 | 1 |
_aHorgren ; Charles T. Gary L. Sundem, _910299 |
|
| 245 | 1 | 0 | _aContabilidad financiera. |
| 250 | _a5 | ||
| 260 |
_aMexico : _bPrentice Hall HispanoAmérica, _c1994 |
||
| 300 | _a914p. | ||
| 650 | 1 | 4 |
_aCONTROL INTERNO ESTADOS FINANCIEROS FLUJOS DEL EFECTIVO CICLO CONTABLE. _910300 |
| 942 |
_2ddc _cBK |
||
| 999 |
_c20949 _d20949 |
||